banner-ar

ثقافة الامم على طوابق البريد / (Record no. 65204)

MARC details
000 -الفاتح
حقل البيانات ثابتة الطول 00707nam a2200217Ia 4500
005 - وقت وتاريخ اخر تعامل مع التسجيلة
رقم الضبط 20240530110812.0
008 - عناصر البيانات ثابتة الطول - معلومات عامة
حقل البيانات ثابتة الطول 140319s2005 au a b 000 0 ara d
017 ## - رقم الايداع القانونى
رقم الايداع القانونى 2005/2751
المصدر ( الهيئة المختصة) مصر. دار الكتب
020 ## - الرقم الدولى المعيارى للكتب
الرقم الدولى المعيارى للكتاب 9773561038
040 ## - مصدر الفهرسة
وكالة الفهرسة الأصلية GCL /
وكالة النسخ GCL
082 04 - رقم تصنيف ديوى العشرى
رقم الطبعة 21
رقم التصنيف 769.56 /
رقم المادة س ث
100 0# - المدخل الرئيسى - إسم شخصى
الإسم الشخصى سهير متولى
245 10 - بيان العنوان
العنوان ثقافة الامم على طوابق البريد /
بيان المسئوليه,etc سهير متولى
250 ## - بيان الطبعة
بيان الطبعة ط.1
260 ## - PUBLICATION, DISTRIBUTION, ETC. (IMPRINT)
تاريخ النشر أو التوزيع 2005 .
300 ## - الوصف المادى
التعداد 88 ص. :
تفاصيل ماديه اخرى للوعاء ايض. ؛
أبعاد الوعاء 20 سم.
650 07 - المدخل الاضافى بالموضوع-مصطلح موضوعى
مصطلح موضوعي طوابع البريد
مصدر الرأس أو المصطلح qrmak
651 ## - المدخل الاضافى بالموضوع - اسم جغرافى
مصدر الرأس أو المصطلح qrmak
942 ## - عناصر المدخل الإضافي( كوها)
مصدر التصنيف او مخطط الترفيف Dewey Decimal Classification
Koha [default] item type كتاب
260 ## - PUBLICATION, DISTRIBUTION, ETC. (IMPRINT)
-- القاهرة :
-- هلا للنشر والتوزيع،
Holdings
حالة التراجع حالة الفقد حالة تلف ليس للاعارة المكان المؤقت الموقع الحالى موقع الترفيف تاريخ الاكتساب اجمالي اﻻعارات رقم الطلب الباركود تاريخ اخر مشاهدة تاريخ تفعيل السعر نوع وعاء كوها
        مكتبة القاهرة الكبرى مكتبة القاهرة الكبرى   05/12/2019   769.56 / س ث 165889 05/12/2019 05/12/2019 كتاب

Powered By

EGPV